Análisis de las situación alimentaria-nutricional en Costa Rica
Saved in:
| Main Author: | |
|---|---|
| Format: | Unknown |
| Published: |
Heredia :
|
| Subjects: | |
| Tags: |
Add Tag
No Tags, Be the first to tag this record!
|
MARC
| LEADER | 00000 a2200000 04500 | ||
|---|---|---|---|
| 001 | 15194 | ||
| 003 | |||
| 008 | 991231s d | ||
| 040 | |||
| 090 | |a 174608 | ||
| 100 | |a Sáenz J, Lenin | ||
| 245 | |a Análisis de las situación alimentaria-nutricional en Costa Rica | ||
| 260 | |a Heredia : | ||
| 650 | |a NUTRICION HUMANA | ||
| 650 | |a REGIMEN ALIMENTARIO | ||
| 999 | |c 6257 |d 6257 | ||
